| 000 | 00558nam a2200205Ia 4500 | ||
|---|---|---|---|
| 005 | 20250923144633.0 | ||
| 008 | 008 250917s9999 xx 000 0 eng d | ||
| 037 | _aTextual | ||
| 040 |
_aDSWL _beng _cDSWL |
||
| 041 |
_aeng _2eng |
||
| 084 |
_aYX,ZF, N55;4 _qDSWL |
||
| 100 |
_aRoss, M.G. _9826864 |
||
| 245 | 0 |
_aCommunity organizatiuon _cby M.G. Ross |
|
| 260 |
_aNew York _b Harper & Brothers _c1955 |
||
| 300 | _axv,239p. | ||
| 365 |
_aUSD _b3 |
||
| 925 | _g3 | ||
| 942 |
_cTEXL _hYX,ZF, N55;4 |
||
| 999 |
_c1441481 _d1441481 |
||